Топ 20 стран по численности Цыган - Statistics

General Stats
  • This quiz has been taken 162 times
  • The average score is 14 of 20
Answer Stats
Численность Страна % Correct
205 000 Россия
99%
1 850 000 Румыния
90%
1 000 000 США
87%
260 000 Украина
87%
1 200 000 Франция
84%
105 000 Германия
82%
325 000 Болгария
78%
1 500 000 Испания
77%
2 750 000 Турция
76%
180 000 Италия
76%
250 000 Молдова
75%
147 000 Сербия
74%
309 000 Венгрия
69%
105 000 Словакия
67%
300 000 Греция
66%
800 000 Бразилия
52%
110 000 Иран
51%
300 000 Аргентина
47%
100 000 Швеция
36%
225 000 Британия
4%
No matching quizzes found
Score Distribution
Percent of People with Each Score
Percentile by Number Answered
Your Score History
You have not taken this quiz